[Event "Iranian Men's Chess Championship "]
[Site "Tehran"]
[Date "2017.03.10"]
[Round "8"]
[Board "1"]
[White "Idani, Pouya"]
[Black "Maghsoodloo, Parham"]
[Result "1/2-1/2"]
[WhiteElo "2576"]
[BlackElo "2576"]
[PlyCount "0"]
[EventDate "2017.03.05"]
[EventRounds "11"]
[EventCountry "IRI"]

1. d4 {[%clk 1:28:27]} Nf6 {[%clk 1:30:53]} 2. Nf3 {[%clk 1:28:45]} e6 3. c4
{[%clk 1:29:02]} b6 {[%clk 1:27:36]} 4. g3 {[%clk 1:29:20]} Ba6 {[%clk 1:27:34]}
5. Nbd2 {[%clk 1:29:25]} Bb4 {[%clk 1:25:17]} 6. Qc2 {[%clk 1:28:56]} Bb7
{[%clk 1:21:18]} 7. Bg2 {[%clk 1:29:15]} c5 {[%clk 1:21:24]} 8. a3
{[%clk 1:27:32]} Be4 {[%clk 1:19:36]} 9. Qd1 {[%clk 1:25:48]} Bxd2+
{[%clk 1:19:56]} 10. Qxd2 {[%clk 1:26:12]} Nc6 {[%clk 1:17:59]} 11. dxc5
{[%clk 1:15:35]} bxc5 {[%clk 1:18:22]} 12. O-O {[%clk 1:16:01]} Qe7
{[%clk 1:10:56]} 13. Qc3 {[%clk 1:14:52]} O-O {[%clk 1:00:42]} 14. Rd1
{[%clk 1:11:20]} Rfd8 {[%clk 0:54:31]} 15. Bg5 {[%clk 0:56:41]} Rab8
{[%clk 0:48:59]} 16. Nd2 {[%clk 0:50:58]} Nd4 {[%clk 0:45:22]} 17. Bf1
{[%clk 0:51:22]} Ba8 {[%clk 0:37:51]} 18. b4 {[%clk 0:47:55]} d6 {[%clk 0:33:11]}
19. b5 {[%clk 0:46:55]} h6 {[%clk 0:33:06]} 20. Bxf6 {[%clk 0:46:47]} Qxf6
{[%clk 0:33:34]} 21. Rac1 {[%clk 0:47:16]} d5 {[%clk 0:30:49]} 22. a4
{[%clk 0:38:44]} Rbc8 {[%clk 0:26:05]} 23. Re1 {[%clk 0:37:39]} Qf5
{[%clk 0:18:38]} 24. Bg2 {[%clk 0:35:38]} Qh5 {[%clk 0:19:07]} 25. f3
{[%clk 0:29:54]} Qg5 {[%clk 0:16:51]} 26. e3 {[%clk 0:27:42]} Nf5
{[%clk 0:13:57]} 27. f4 {[%clk 0:25:20]} Qg4 {[%clk 0:12:52]} 28. e4
{[%clk 0:22:41]} dxe4 {[%clk 0:11:54]} 29. Nxe4 {[%clk 0:23:05]} Rd4
{[%clk 0:10:16]} 30. Nf2 {[%clk 0:22:32]} Qg6 {[%clk 0:10:37]} 31. Bxa8
{[%clk 0:21:50]} Rxa8 {[%clk 0:11:05]} 32. Qf3 {[%clk 0:20:30]} Rad8
{[%clk 0:11:17]} 33. Red1 {[%clk 0:14:00]} Rd2 {[%clk 0:08:49]} 34. Rxd2
{[%clk 0:13:06]} Rxd2 {[%clk 0:09:12]} 35. Rd1 {[%clk 0:13:12]} Ra2
{[%clk 0:07:59]} 36. Qb3 {[%clk 0:12:19]} Re2 {[%clk 0:08:27]} 37. Qd3
{[%clk 0:11:59]} Re3 {[%clk 0:08:15]} 38. Qd2 {[%clk 0:11:46]} Ra3
{[%clk 0:07:47]} 39. Qd8+ {[%clk 0:08:47]} Kh7 {[%clk 0:08:06]} 40. Qc7
{[%clk 0:09:13]} Nxg3 {[%clk 0:00:38]} 41. hxg3 {[%clk 0:09:38]} Rxg3+
{[%clk 0:01:04]} 42. Kf1 {[%clk 0:10:03]} Rg1+ {[%clk 0:00:43]} 43. Ke2
{[%clk 0:10:31]} Qc2+ {[%clk 0:00:36]} 44. Rd2 {[%clk 0:10:39]} Qxc4+
{[%clk 0:00:49]} 45. Kf3 {[%clk 0:10:22]} Qc3+ {[%clk 0:00:32]} 46. Rd3
{[%clk 0:10:37]} Qc2 {[%clk 0:01:00]} 47. Qe5 {[%clk 0:09:19]} c4
{[%clk 0:00:43]} 48. Rc3 {[%clk 0:09:09]} Qg6 {[%clk 0:01:11]} 49. Ke2
{[%clk 0:08:50]} f5 {[%clk 0:01:26]} 50. Qe3 {[%clk 0:07:35]} Ra1
{[%clk 0:00:50]} 51. Rxc4 {[%clk 0:07:02]} Qg2 {[%clk 0:00:34]} 52. Rd4
{[%clk 0:05:43]} Ra2+ {[%clk 0:00:41]} 53. Rd2 {[%clk 0:05:50]} Rxa4
{[%clk 0:01:09]} 54. Rd4 {[%clk 0:04:34]} Ra2+ {[%clk 0:01:26]} 55. Rd2
{[%clk 0:04:59]} Ra4 {[%clk 0:01:51]} 56. Rd4 {[%clk 0:05:26]} Ra1
{[%clk 0:01:23]} 57. Rd1 {[%clk 0:05:28]} Rxd1 {[%clk 0:01:20]} 58. Kxd1
{[%clk 0:05:54]} Qf1+ {[%clk 0:01:31]} 59. Kd2 {[%clk 0:06:11]} Qxb5
{[%clk 0:01:35]} 60. Qxa7 {[%clk 0:06:26]} e5 {[%clk 0:00:54]} 61. fxe5
{[%clk 0:06:33]} Qxe5 {[%clk 0:01:17]} 62. Qf7 {[%clk 0:06:39]} Qf4+
{[%clk 0:01:15]} 63. Ke2 {[%clk 0:07:04]} Qg5 {[%clk 0:01:41]} 64. Kf3
{[%clk 0:06:57]} h5 {[%clk 0:01:57]} 65. Qc4 {[%clk 0:06:54]} h4 {[%clk 0:02:03]}
66. Qf4 {[%clk 0:07:07]} Qf6 {[%clk 0:01:48]} 67. Nh3 {[%clk 0:06:53]} Kg6
{[%clk 0:02:17]} 68. Qc4 {[%clk 0:07:05]} Kh6 {[%clk 0:02:45]} 69. Nf2
{[%clk 0:05:41]} g5 {[%clk 0:02:36]} 70. Kg2 {[%clk 0:06:01]} Kh5
{[%clk 0:01:55]} 71. Qc8 {[%clk 0:05:41]} g4 {[%clk 0:01:32]} 72. Qe8+
{[%clk 0:06:05]} Kh6 {[%clk 0:01:48]} 73. Qe3+ {[%clk 0:05:29]} Kh5
{[%clk 0:01:43]} 74. Qe8+ {[%clk 0:05:52]} Kh6 {[%clk 0:02:13]} 75. Qe3+
{[%clk 0:06:21]} Kg6 {[%clk 0:01:48]} 76. Qe8+ {[%clk 0:06:23]} Qf7
{[%clk 0:01:44]} 77. Qc6+ {[%clk 0:06:41]} Kh5 {[%clk 0:01:06]} 78. Qb5
{[%clk 0:05:27]} Qe6 {[%clk 0:01:04]} 79. Qd3 {[%clk 0:05:16]} Qc6+
{[%clk 0:01:

[Event "Iranian Men's Chess Championship "]
[Site "Tehran"]
[Date "2017.03.10"]
[Round "8"]
[Board "4"]
[White "Gholami, Aryan"]
[Black "Mousavi, Seyed Khalil"]
[Result "1/2-1/2"]
[WhiteElo "2426"]
[BlackElo "2412"]
[PlyCount "0"]
[EventDate "2017.03.05"]
[EventRounds "11"]
[EventCountry "IRI"]

1. e4 {[%clk 1:30:45]} c6 {[%clk 1:28:14]} 2. Nf3 {[%clk 1:30:48]} d5
{[%clk 1:28:34]} 3. Nc3 {[%clk 1:30:54]} Bg4 {[%clk 1:28:11]} 4. h3
{[%clk 1:31:03]} Bxf3 {[%clk 1:28:23]} 5. Qxf3 {[%clk 1:31:23]} Nf6
{[%clk 1:28:16]} 6. d4 {[%clk 1:29:31]} e6 {[%clk 1:27:58]} 7. Bd3
{[%clk 1:28:40]} dxe4 {[%clk 1:19:36]} 8. Nxe4 {[%clk 1:28:42]} Qxd4
{[%clk 1:19:10]} 9. c3 {[%clk 1:28:05]} Qd8 {[%clk 1:16:56]} 10. O-O
{[%clk 1:28:18]} Nbd7 {[%clk 1:15:13]} 11. Bf4 {[%clk 1:08:50]} e5
{[%clk 1:09:38]} 12. Rfe1 {[%clk 1:03:08]} Nxe4 {[%clk 1:08:21]} 13. Bxe4
{[%clk 1:02:52]} Bd6 {[%clk 1:05:39]} 14. Bf5 {[%clk 0:38:34]} O-O
{[%clk 0:50:08]} 15. Rad1 {[%clk 0:36:00]} Qf6 {[%clk 0:38:29]} 16. Bxh7+
{[%clk 0:28:44]} Kxh7 {[%clk 0:38:39]} 17. Qd3+ {[%clk 0:29:06]} g6
{[%clk 0:35:27]} 18. Qxd6 {[%clk 0:26:27]} exf4 {[%clk 0:34:07]} 19. Qxd7
{[%clk 0:26:50]} Rad8 {[%clk 0:23:40]} 20. Qxb7 {[%clk 0:26:05]} Rb8
{[%clk 0:22:52]} 21. Qxa7 {[%clk 0:17:45]} Rxb2 {[%clk 0:22:53]} 22. Qc5
{[%clk 0:17:54]} Rd8 {[%clk 0:19:04]} 23. Rxd8 {[%clk 0:16:33]} Qxd8
{[%clk 0:19:33]} 24. Re7 {[%clk 0:15:24]} Qf8 {[%clk 0:18:46]} 25. Qe5
{[%clk 0:10:30]} Rb1+ {[%clk 0:17:52]} 26. Kh2 {[%clk 0:10:59]} Rb5
{[%clk 0:18:11]} 27. Qc7 {[%clk 0:08:03]} Rf5 {[%clk 0:17:34]} 28. a4
{[%clk 0:07:25]} Kg7 {[%clk 0:17:35]} 29. Re5 {[%clk 0:06:02]} Rf6
{[%clk 0:17:56]} 30. Re7 {[%clk 0:04:35]} Qh8 {[%clk 0:16:09]} 31. Qe5
{[%clk 0:04:07]} Qh4 {[%clk 0:16:30]} 32. Rd7 {[%clk 0:03:59]} Kh7
{[%clk 0:16:00]} 33. Kg1 {[%clk 0:04:19]} Rf5 {[%clk 0:15:12]} 34. Qd4
{[%clk 0:03:55]} c5 {[%clk 0:14:40]} 35. Qc4 {[%clk 0:04:07]} Qf6
{[%clk 0:14:55]} 36. f3 {[%clk 0:03:34]} Kh6 {[%clk 0:14:29]} 37. a5
{[%clk 0:02:38]} Qh4 {[%clk 0:14:09]} 38. Qf1 {[%clk 0:01:34]} Qf6
{[%clk 0:12:39]} 39. Qc4 {[%clk 0:01:47]} Re5 {[%clk 0:11:46]} 40. Rd1
{[%clk 0:01:30]} Re3 {[%clk 0:12:08]} 41. Rc1 {[%clk 0:01:20]} Qe5
{[%clk 0:12:31]} 42. Qf1 {[%clk 0:01:18]} Rxc3 {[%clk 0:07:08]} 43. Ra1
{[%clk 0:01:47]} Qd4+ {[%clk 0:02:45]} 44. Kh2 {[%clk 0:01:41]} Rc4
{[%clk 0:02:50]} 45. Rd1 {[%clk 0:01:12]} Qc3 {[%clk 0:03:19]} 46. a6
{[%clk 0:01:28]} Ra4 {[%clk 0:03:34]} 47. Qe2 {[%clk 0:01:16]} Qf6
{[%clk 0:03:16]} 48. Qb5 {[%clk 0:01:14]} 1/2-1/2

[Event "Iranian Men's Chess Championship "]
[Site "Tehran"]
[Date "2017.03.11"]
[Round "9"]
[Board "1"]
[White "Bagheri, Maziar"]
[Black "Idani, Pouya"]
[Result "1/2-1/2"]
[WhiteElo "2302"]
[BlackElo "2576"]
[PlyCount "0"]
[EventDate "2017.03.05"]
[EventRounds "11"]
[EventCountry "IRI"]

1. e4 {[%clk 1:30:18]} c5 {[%clk 1:30:07]} 2. Nf3 {[%clk 1:30:39]} e6
{[%clk 1:30:23]} 3. d4 {[%clk 1:30:52]} cxd4 {[%clk 1:30:47]} 4. Nxd4
{[%clk 1:31:17]} Nf6 {[%clk 1:30:46]} 5. Bd3 {[%clk 1:31:40]} d5 {[%clk 1:28:40]}
6. exd5 {[%clk 1:31:14]} Qxd5 {[%clk 1:27:36]} 7. O-O {[%clk 1:31:02]} Nbd7
{[%clk 1:21:16]} 8. Nb5 {[%clk 1:28:01]} Qc6 {[%clk 1:21:38]} 9. Bf4
{[%clk 1:26:00]} Nd5 {[%clk 1:19:03]} 10. Bg3 {[%clk 1:23:14]} a6
{[%clk 1:18:50]} 11. c4 {[%clk 1:21:33]} Nf4 {[%clk 1:11:19]} 12. Bxf4
{[%clk 1:20:07]} axb5 {[%clk 1:11:48]} 13. cxb5 {[%clk 1:19:43]} Qc5
{[%clk 1:10:25]} 14. Nc3 {[%clk 1:13:35]} Be7 {[%clk 1:09:56]} 15. Ne4
{[%clk 1:10:12]} Qd4 {[%clk 1:06:25]} 16. Bc2 {[%clk 1:08:17]} Qxb2
{[%clk 1:06:00]} 17. Nd6+ {[%clk 1:07:56]} Bxd6 {[%clk 1:06:25]} 18. Bxd6
{[%clk 1:06:08]} Qxb5 {[%clk 1:04:33]} 19. Qg4 {[%clk 1:04:14]} Qb2
{[%clk 1:04:15]} 20. Bb3 {[%clk 0:59:00]} Ne5 {[%clk 0:59:59]} 21. Qg3
{[%clk 0:53:23]} Nc6 {[%clk 1:00:18]} 22. Rad1 {[%clk 0:53:35]} f5
{[%clk 0:58:36]} 23. Bc5 {[%clk 0:52:17]} Qe5 {[%clk 0:54:01]} 24. Qxe5
{[%clk 0:41:56]} 1/2-1/2

[Event "Iranian Men's Chess Championship "]
[Site "Tehran"]
[Date "2017.03.11"]
[Round "9"]
[Board "2"]
[White "Pourramezanali, Amirreza"]
[Black "Lorparizangeneh, Shahin"]
[Result "1/2-1/2"]
[WhiteElo "2510"]
[BlackElo "2524"]
[PlyCount "0"]
[EventDate "2017.03.05"]
[EventRounds "11"]
[EventCountry "IRI"]

1. g3 {[%clk 1:30:57]} g6 {[%clk 1:24:05]} 2. Bg2 {[%clk 1:31:17]} Bg7
{[%clk 1:24:32]} 3. f4 {[%clk 1:24:16]} d5 {[%clk 1:19:20]} 4. Nf3
{[%clk 1:24:38]} Nh6 {[%clk 1:19:44]} 5. O-O {[%clk 1:24:50]} O-O
{[%clk 1:20:01]} 6. d3 {[%clk 1:23:31]} d4 {[%clk 1:18:55]} 7. c3
{[%clk 1:23:38]} c5 {[%clk 1:18:29]} 8. e4 {[%clk 1:23:32]} dxe3 {[%clk 1:18:01]}
9. Bxe3 {[%clk 1:23:46]} Qd6 {[%clk 1:15:25]} 10. Na3 {[%clk 1:20:47]} Ng4
{[%clk 1:12:15]} 11. Nc4 {[%clk 1:18:42]} Nxe3 {[%clk 0:53:04]} 12. Nxd6
{[%clk 1:17:35]} Nxd1 {[%clk 0:53:29]} 13. Nxc8 {[%clk 1:17:59]} Rxc8
{[%clk 0:53:49]} 14. Raxd1 {[%clk 1:18:16]} Nc6 {[%clk 0:54:10]} 15. Nd2
{[%clk 1:15:25]} e6 {[%clk 0:51:01]} 16. Ne4 {[%clk 1:12:57]} Ne7
{[%clk 0:50:26]} 17. Kf2 {[%clk 0:48:10]} 1/2-1/2

[Event "Iranian Men's Chess Championship "]
[Site "Tehran"]
[Date "2017.03.11"]
[Round "9"]
[Board "4"]
[White "Mosadeghpour, Masoud"]
[Black "Gholami, Aryan"]
[Result "1/2-1/2"]
[WhiteElo "2444"]
[BlackElo "2426"]
[PlyCount "0"]
[EventDate "2017.03.05"]
[EventRounds "11"]
[EventCountry "IRI"]

1. e4 {[%clk 1:30:04]} c5 {[%clk 1:30:45]} 2. Ne2 {[%clk 1:29:46]} Nc6
{[%clk 1:27:45]} 3. d4 {[%clk 1:29:31]} cxd4 {[%clk 1:27:57]} 4. Nxd4
{[%clk 1:29:57]} e5 {[%clk 1:28:02]} 5. Nb5 {[%clk 1:30:01]} d6 {[%clk 1:26:18]}
6. c4 {[%clk 1:30:24]} Be7 {[%clk 1:26:34]} 7. N1c3 {[%clk 1:30:48]} a6
{[%clk 1:25:43]} 8. Na3 {[%clk 1:31:09]} f5 {[%clk 1:25:43]} 9. exf5
{[%clk 1:29:25]} Bxf5 {[%clk 1:25:50]} 10. Bd3 {[%clk 1:29:34]} Be6
{[%clk 1:24:17]} 11. Qh5+ {[%clk 1:23:53]} Bf7 {[%clk 1:15:32]} 12. Qh3
{[%clk 1:24:18]} Nf6 {[%clk 1:14:24]} 13. O-O {[%clk 1:18:27]} Nd4
{[%clk 1:06:30]} 14. f4 {[%clk 1:18:37]} Qd7 {[%clk 0:59:57]} 15. Qxd7+
{[%clk 1:08:55]} Nxd7 {[%clk 0:59:30]} 16. Be3 {[%clk 1:09:23]} Nc5
{[%clk 0:57:58]} 17. Bb1 {[%clk 1:01:48]} Bf6 {[%clk 0:44:30]} 18. f5
{[%clk 0:58:40]} O-O {[%clk 0:38:24]} 19. b4 {[%clk 0:57:07]} Nd7
{[%clk 0:38:44]} 20. Be4 {[%clk 0:54:50]} a5 {[%clk 0:34:30]} 21. b5
{[%clk 0:52:51]} Nc5 {[%clk 0:32:58]} 22. Bd5 {[%clk 0:52:03]} e4
{[%clk 0:32:36]} 23. Rad1 {[%clk 0:35:03]} Nxf5 {[%clk 0:27:06]} 24. Rxf5
{[%clk 0:35:16]} Bxc3 {[%clk 0:27:30]} 25. Bxf7+ {[%clk 0:35:40]} Rxf7
{[%clk 0:27:55]} 26. Rxf7 {[%clk 0:36:07]} Kxf7 {[%clk 0:28:17]} 27. Rxd6
{[%clk 0:36:36]} Rc8 {[%clk 0:26:57]} 28. Rb6 {[%clk 0:30:12]} Bf6
{[%clk 0:21:39]} 29. Kf1 {[%clk 0:27:13]} Be7 {[%clk 0:20:33]} 30. Bxc5
{[%clk 0:19:26]} Rxc5 {[%clk 0:19:26]} 31. Rxb7 {[%clk 0:18:41]} Ke6
{[%clk 0:19:25]} 32. Rb6+ {[%clk 0:02:06]} Kd7 {[%clk 0:19:25]} 33. Rb7+
{[%clk 0:01:21]} Kd8 {[%clk 0:17:36]} 34. Nc2 {[%clk 0:00:41]} Rxc4
{[%clk 0:16:03]} 35. Ne3 {[%clk 0:01:10]} Rc1+ {[%clk 0:15:52]} 36. Ke2
{[%clk 0:01:36]} Bc5 {[%clk 0:15:25]} 37. Rxg7 {[%clk 0:00:38]} Ra1
{[%clk 0:15:21]} 38. Nd5 {[%clk 0:00:35]} Rxa2+ {[%clk 0:15:44]} 39. Ke1
{[%clk 0:00:43]} Rb2 {[%clk 0:03:05]} 40. b6 {[%clk 0:01:00]} a4 {[%clk 0:03:06]}
41. b7 {[%clk 0:00:40]} Bd6 {[%clk 0:03:24]} 42. Nf6 {[%clk 0:00:36]} Be7
{[%clk 0:02:45]} 43. Rg8+ {[%clk 0:00:33]} Kc7 {[%clk 0:03:14]} 44. b8=Q+
{[%clk 0:00:53]} Rxb8 {[%clk 0:03:36]} 45. Nd5+ {[%clk 0:01:19]} Kd6
{[%clk 0:03:05]} 46. Rxb8 {[%clk 0:01:41]} Kxd5 {[%clk 0:03:32]} 47. Ra8
{[%clk 0:00:42]} a3 {[%clk 0:03:57]} 48. Ra4 {[%clk 0:00:41]} Bc5
{[%clk 0:02:06]} 49. g4 {[%clk 0:00:49]} e3 {[%clk 0:01:36]} 50. h4
{[%clk 0:00:34]} Kc6 {[%clk 0:01:46]} 51. g5 {[%clk 0:00:35]} Kb5
{[%clk 0:01:48]} 52. Ra8 {[%clk 0:01:02]} Bb4+ {[%clk 0:00:59]} 53. Ke2
{[%clk 0:01:20]} Ba5 {[%clk 0:01:09]} 54. Rb8+ {[%clk 0:00:53]} Kc4
{[%clk 0:01:07]} 55. Rb1 {[%clk 0:00:38]} Bc3 {[%clk 0:00:56]} 56. Kxe3
{[%clk 0:00:40]} a2 {[%clk 0:01:16]} 57. Rc1 {[%clk 0:00:52]} Kb3
{[%clk 0:01:18]} 58. Kd3 {[%clk 0:00:54]} Bb2 {[%clk 0:01:05]} 59. Rf1
{[%clk 0:00:50]} a1=Q {[%clk 0:01:29]} 60. Rxa1 {[%clk 0:01:16]} Bxa1
{[%clk 0:01:54]} 61. h5 {[%clk 0:01:28]} 1/2-1/2

[Event "Iranian Men's Chess Championship "]
[Site "Tehran"]
[Date "2017.03.11"]
[Round "9"]
[Board "6"]
[White "Maghsoodloo, Parham"]
[Black "Tabatabaei, M.Amin"]
[Result "1/2-1/2"]
[WhiteElo "2576"]
[BlackElo "2515"]
[PlyCount "0"]
[EventDate "2017.03.05"]
[EventRounds "11"]
[EventCountry "IRI"]

1. Nf3 {[%clk 1:29:55]} Nf6 {[%clk 1:30:16]} 2. c4 {[%clk 1:30:18]} e6
{[%clk 1:30:37]} 3. Nc3 {[%clk 1:30:33]} d5 {[%clk 1:30:59]} 4. d4
{[%clk 1:30:22]} Be7 {[%clk 1:31:20]} 5. Bf4 {[%clk 1:30:25]} O-O
{[%clk 1:31:34]} 6. e3 {[%clk 1:29:28]} c5 {[%clk 1:31:34]} 7. dxc5
{[%clk 1:29:34]} Bxc5 {[%clk 1:31:54]} 8. cxd5 {[%clk 1:29:55]} Nxd5
{[%clk 1:32:04]} 9. Nxd5 {[%clk 1:30:16]} exd5 {[%clk 1:32:27]} 10. a3
{[%clk 1:30:34]} Nc6 {[%clk 1:32:45]} 11. Bd3 {[%clk 1:30:19]} Bb6
{[%clk 1:32:26]} 12. O-O {[%clk 1:30:47]} Bg4 {[%clk 1:30:42]} 13. h3
{[%clk 1:20:55]} Bh5 {[%clk 1:30:36]} 14. Rc1 {[%clk 1:13:53]} d4
{[%clk 1:25:00]} 15. g4 {[%clk 1:14:03]} Bg6 {[%clk 1:23:14]} 16. e4
{[%clk 1:14:24]} Rc8 {[%clk 1:18:45]} 17. Re1 {[%clk 1:11:37]} Re8
{[%clk 1:11:17]} 18. Kg2 {[%clk 1:11:13]} Bc7 {[%clk 1:08:25]} 19. Qd2
{[%clk 1:08:51]} f6 {[%clk 0:49:28]} 20. Bc4+ {[%clk 1:08:16]} Kh8
{[%clk 0:48:13]} 21. Bd5 {[%clk 0:58:44]} Bxf4 {[%clk 0:47:48]} 22. Qxf4
{[%clk 0:57:42]} Ne5 {[%clk 0:48:15]} 23. Rxc8 {[%clk 0:56:10]} Qxc8
{[%clk 0:48:38]} 24. Re2 {[%clk 0:46:51]} Qc5 {[%clk 0:31:16]} 25. Rd2
{[%clk 0:43:47]} Nxf3 {[%clk 0:08:31]} 26. Qxf3 {[%clk 0:44:15]} h5
{[%clk 0:06:59]} 27. Bxb7 {[%clk 0:38:42]} Qe7 {[%clk 0:05:43]} 28. Bc6
{[%clk 0:34:40]} Bxe4 {[%clk 0:06:04]} 29. Bxe4 {[%clk 0:35:02]} Qxe4
{[%clk 0:06:31]} 30. Qxe4 {[%clk 0:35:25]} Rxe4 {[%clk 0:07:00]} 31. Kf3
{[%clk 0:35:39]} f5 {[%clk 0:07:24]} 32. gxf5 {[%clk 0:35:39]} Rh4
{[%clk 0:07:53]} 33. Kg3 {[%clk 0:35:20]} Re4 {[%clk 0:08:16]} 34. Rd3
{[%clk 0:24:20]} Kh7 {[%clk 0:08:39]} 35. f4 {[%clk 0:24:10]} Re2
{[%clk 0:08:41]} 36. b4 {[%clk 0:23:10]} a5 {[%clk 0:01:59]} 37. bxa5
{[%clk 0:23:07]} Rc2 {[%clk 0:02:26]} 38. Kf3 {[%clk 0:20:13]} Rc5
{[%clk 0:02:49]} 39. a6 {[%clk 0:20:38]} Rxf5 {[%clk 0:03:05]} 40. Ke4
{[%clk 0:19:54]} Ra5 {[%clk 0:03:34]} 41. Kxd4 {[%clk 0:20:14]} Rxa6
{[%clk 0:04:03]} 42. Kc5 {[%clk 0:20:36]} Ra8 {[%clk 0:04:01]} 43. Kb4
{[%clk 0:20:13]} Rb8+ {[%clk 0:04:26]} 44. Kc4 {[%clk 0:20:23]} Rc8+
{[%clk 0:04:21]} 45. Kb3 {[%clk 0:20:52]} Rb8+ {[%clk 0:04:30]} 46. Ka2
{[%clk 0:20:18]} Ra8 {[%clk 0:04:59]} 47. Rd4 {[%clk 0:20:33]} Re8
{[%clk 0:05:29]} 48. a4 {[%clk 0:12:27]} Re2+ {[%clk 0:05:47]} 49. Kb3
{[%clk 0:12:52]} Re3+ {[%clk 0:06:13]} 50. Kb4 {[%clk 0:13:20]} Rxh3
{[%clk 0:06:37]} 51. a5 {[%clk 0:13:48]} Rh1 {[%clk 0:03:48]} 52. a6
{[%clk 0:14:17]} Ra1 {[%clk 0:03:47]} 53. Kb5 {[%clk 0:14:40]} Kg6
{[%clk 0:03:14]} 54. Ra4 {[%clk 0:14:09]} Rb1+ {[%clk 0:03:41]} 55. Ka5
{[%clk 0:12:14]} Rb8 {[%clk 0:04:01]} 56. Rb4 {[%clk 0:12:09]} Rf8
{[%clk 0:02:20]} 57. a7 {[%clk 0:05:30]} Ra8 {[%clk 0:02:42]} 58. Kb6
{[%clk 0:05:56]} Kf5 {[%clk 0:02:56]} 59. Kb7 {[%clk 0:06:08]} Re8
{[%clk 0:02:27]} 60. a8=Q {[%clk 0:06:16]} Rxa8 {[%clk 0:02:52]} 61. Kxa8
{[%clk 0:06:42]} h4 {[%clk 0:03:16]} 62. Kb7 {[%clk 0:07:03]} h3 {[%clk 0:02:16]}
63. Rb3 {[%clk 0:07:33]} Kxf4 {[%clk 0:02:36]} 64. Rxh3 {[%clk 0:07:56]} g5
{[%clk 0:03:05]} 65. Kc6 {[%clk 0:08:12]} g4 {[%clk 0:03:34]} 66. Ra3
{[%clk 0:08:11]} g3 {[%clk 0:03:59]} 67. Kd5 {[%clk 0:08:33]} g2 {[%clk 0:04:25]}
68. Ra1 {[%clk 0:08:58]} Ke3 {[%clk 0:04:44]} 69. Ke5 {[%clk 0:09:16]} Kf2
{[%clk 0:05:10]} 70. Ra2+ {[%clk 0:09:34]} Kg3 {[%clk 0:05:12]} 71. Rxg2+
{[%clk 0:09:58]} 1/2-1/2

[Event "Iranian Men's Chess Championship "]
[Site "Tehran"]
[Date "2017.03.12"]
[Round "10"]
[Board "3"]
[White "Gholami, Aryan"]
[Black "Darini, Pouria"]
[Result "1/2-1/2"]
[WhiteElo "2426"]
[BlackElo "2518"]
[PlyCount "0"]
[EventDate "2017.03.05"]
[EventRounds "11"]
[EventCountry "IRI"]

1. e4 {[%clk 1:30:54]} c5 {[%clk 1:30:27]} 2. Nf3 {[%clk 1:31:12]} d6
{[%clk 1:30:49]} 3. d4 {[%clk 1:31:13]} cxd4 {[%clk 1:31:14]} 4. Nxd4
{[%clk 1:31:18]} Nf6 {[%clk 1:31:31]} 5. Nc3 {[%clk 1:31:39]} a6 {[%clk 1:30:58]}
6. Bg5 {[%clk 1:31:12]} e6 {[%clk 1:30:52]} 7. f4 {[%clk 1:31:19]} Be7
{[%clk 1:20:17]} 8. Qf3 {[%clk 1:30:18]} h6 {[%clk 1:15:53]} 9. Bh4
{[%clk 1:23:24]} Qc7 {[%clk 1:15:52]} 10. O-O-O {[%clk 1:22:15]} Nbd7
{[%clk 1:16:17]} 11. Bg3 {[%clk 1:14:46]} b5 {[%clk 0:49:52]} 12. e5
{[%clk 1:03:58]} Bb7 {[%clk 0:50:18]} 13. Qe2 {[%clk 1:04:05]} Nd5
{[%clk 0:29:41]} 14. Nxd5 {[%clk 0:56:37]} Bxd5 {[%clk 0:29:53]} 15. Nf5
{[%clk 0:56:54]} exf5 {[%clk 0:20:54]} 16. Rxd5 {[%clk 0:56:53]} dxe5
{[%clk 0:21:13]} 17. fxe5 {[%clk 0:56:40]} Qc6 {[%clk 0:21:41]} 18. Rd6
{[%clk 0:44:11]} Qe4 {[%clk 0:14:11]} 19. Qf2 {[%clk 0:38:20]} f4
{[%clk 0:07:04]} 20. Bxf4 {[%clk 0:32:15]} Bxd6 {[%clk 0:07:34]} 21. exd6
{[%clk 0:31:01]} O-O {[%clk 0:08:03]} 22. Bd3 {[%clk 0:30:46]} Qe6
{[%clk 0:08:15]} 23. Re1 {[%clk 0:26:44]} Qf6 {[%clk 0:06:47]} 24. Re7
{[%clk 0:14:51]} Nc5 {[%clk 0:07:16]} 25. Qxc5 {[%clk 0:10:12]} Qxf4+
{[%clk 0:07:46]} 26. Kb1 {[%clk 0:07:51]} Rad8 {[%clk 0:07:01]} 27. d7
{[%clk 0:06:48]} Qg4 {[%clk 0:07:31]} 28. Be2 {[%clk 0:07:04]} Qxg2
{[%clk 0:07:57]} 29. b3 {[%clk 0:06:36]} Rxd7 {[%clk 0:07:22]} 30. Rxd7
{[%clk 0:06:36]} Qxe2 {[%clk 0:07:50]} 31. Qc7 {[%clk 0:06:11]} Qf1+
{[%clk 0:03:24]} 32. Kb2 {[%clk 0:06:39]} Re8 {[%clk 0:03:51]} 33. Qd6
{[%clk 0:05:41]} Re6 {[%clk 0:03:41]} 34. Qd4 {[%clk 0:05:33]} Qf5
{[%clk 0:02:53]} 35. Rd5 {[%clk 0:05:00]} Qf3 {[%clk 0:02:45]} 36. a4
{[%clk 0:04:08]} bxa4 {[%clk 0:03:14]} 37. Rd8+ {[%clk 0:04:32]} Kh7
{[%clk 0:03:43]} 38. Qxa4 {[%clk 0:05:01]} Qf6+ {[%clk 0:03:21]} 39. Qd4
{[%clk 0:05:29]} Qxd4+ {[%clk 0:03:40]} 40. Rxd4 {[%clk 0:05:58]} f5
{[%clk 0:03:55]} 41. c4 {[%clk 0:05:41]} Kg6 {[%clk 0:02:26]} 42. Kc3
{[%clk 0:06:04]} Kf6 {[%clk 0:02:39]} 43. c5 {[%clk 0:06:04]} g5 {[%clk 0:02:02]}
44. Kc4 {[%clk 0:06:09]} Re2 {[%clk 0:00:56]} 45. Kd5 {[%clk 0:06:06]} f4
{[%clk 0:00:39]} 46. c6 {[%clk 0:05:20]} Rc2 {[%clk 0:01:05]} 47. Kd6
{[%clk 0:05:28]} f3 {[%clk 0:01:27]} 48. c7 {[%clk 0:05:45]} f2 {[%clk 0:01:11]}
49. Rd1 {[%clk 0:06:07]} Rd2+ {[%clk 0:00:49]} 50. Rxd2 {[%clk 0:04:15]} f1=Q
{[%clk 0:01:19]} 51. c8=Q {[%clk 0:03:30]} Qf4+ {[%clk 0:01:46]} 52. Kc5
{[%clk 0:03:47]} Qxd2 {[%clk 0:02:06]} 53. Qxa6+ {[%clk 0:04:12]} Ke5
{[%clk 0:01:07]} 1/2-1/2

[Event "Iranian Men's Chess Championship "]
[Site "Tehran"]
[Date "2017.03.13"]
[Round "11"]
[Board "1"]
[White "Pourramezanali, Amirreza"]
[Black "Idani, Pouya"]
[Result "1/2-1/2"]
[WhiteElo "2510"]
[BlackElo "2576"]
[PlyCount "94"]
[EventDate "2017.03.05"]
[EventRounds "11"]
[EventCountry "IRI"]

1. e4 c5 2. c3 Nf6 3. e5 Nd5 4. d4 cxd4 5. Nf3 d6 6. cxd4 Nc6 7. Bc4 dxe5 8.
Nxe5 e6 9. O-O Be7 10. Nxc6 bxc6 11. Nc3 O-O 12. Qe2 Bb7 13. Rd1 Nxc3 14. bxc3
c5 15. Rb1 Bd5 16. Bxd5 Qxd5 17. c4 Qf5 18. Rb7 Rfe8 19. Be3 cxd4 20. Rxd4 Rab8
21. Rdd7 Rxb7 22. Rxb7 a6 23. Qf3 Kf8 24. Qxf5 exf5 25. Kf1 g5 26. Ke2 Bc5 27.
Kd3 Bxe3 28. fxe3 Re5 29. Rb3 Ke7 30. Kd4 Ra5 31. a3 Ke6 32. g3 g4 33. Rb6+ Ke7
34. Rb7+ Ke6 35. Rb3 h5 36. Rb6+ Ke7 37. Rb7+ Ke6 38. Rb6+ Ke7 39. Rb7+ Ke6 40.
Rb3 f6 41. Rb6+ Ke7 42. Rb7+ Ke6 43. Rb3 Kd6 44. Rb6+ Ke7 45. Rb7+ Ke6 46. Rb6+
Ke7 47. Rb3 Kd6 1/2-1/2

[Event "Iranian Men's Chess Championship "]
[Site "Tehran"]
[Date "2017.03.13"]
[Round "11"]
[Board "2"]
[White "Mousavi, Seyed Khalil"]
[Black "Bagheri, Maziar"]
[Result "1/2-1/2"]
[WhiteElo "2412"]
[BlackElo "2302"]
[PlyCount "62"]
[EventDate "2017.03.05"]
[EventRounds "11"]
[EventCountry "IRI"]

1. d4 d5 2. Nf3 Nf6 3. Bf4 c6 4. c3 Qb6 5. Qc1 Bf5 6. h3 e6 7. g4 Bxb1 8. Rxb1
Nbd7 9. Bg2 Rc8 10. b4 Qa6 11. Qc2 Be7 12. O-O O-O 13. a4 Nb6 14. a5 Nc4 15.
Ra1 Ne4 16. Ne5 Nxe5 17. Bxe5 f5 18. e3 Rf7 19. f4 Qc4 20. Rfc1 Ng3 21. Kh2 Bh4
22. Qa2 Qd3 23. Qc2 Qc4 24. Qa2 Qd3 25. Qc2 Qc4 26. a6 b5 27. Qa2 Qxa2 28. Rxa2
h5 29. g5 g6 30. Bf3 Ne4 31. Bxe4 fxe4 1/2-1/2